दमनचक्र / (Record no. 113513)

MARC details
000 -LEADER
fixed length control field 00943nam a22002537a 4500
005 - DATE AND TIME OF LATEST TRANSACTION
control field 20170124102954.0
010 ## - LIBRARY OF CONGRESS CONTROL NUMBER
LC control number A-514137
020 ## - INTERNATIONAL STANDARD BOOK NUMBER
Terms of availability 30.00
035 ## - SYSTEM CONTROL NUMBER
System control number A-514137
037 ## - SOURCE OF ACQUISITION
Source of stock number/acquisition Cen Lib/Ret
040 ## - CATALOGING SOURCE
Original cataloging agency DPL
Language of cataloging HN
082 ## - DEWEY DECIMAL CLASSIFICATION NUMBER
Classification number 822
Item number सहजा
100 ## - MAIN ENTRY--PERSONAL NAME
Personal name सहजानंद कर्ण
9 (RLIN) 52603
245 ## - TITLE STATEMENT
Title दमनचक्र /
Statement of responsibility, etc सहजानंद कर्ण
246 ## - VARYING FORM OF TITLE
Title proper/short title ‏Damanchakra /
Remainder of title by Sahajanand Karn
260 ## - PUBLICATION, DISTRIBUTION, ETC. (IMPRINT)
Place of publication, distribution, etc दिल्ली
Name of publisher, distributor, etc साहित्य सहकर
Date of publication, distribution, etc 2003
270 ## - ADDRESS
City दिल्ली
Address ई-10/4, कृषणनगर
Postal code 110051
300 ## - PHYSICAL DESCRIPTION
Extent 96पृ.
Dimensions 18सेमी(सजिल्द)
650 ## - SUBJECT ADDED ENTRY--TOPICAL TERM
Topical term or geographic name as entry element हिंदी साहित्य
9 (RLIN) 52604
650 ## - SUBJECT ADDED ENTRY--TOPICAL TERM
Topical term or geographic name as entry element हिंदी साहित्य -- नाटक
9 (RLIN) 52605
650 ## - SUBJECT ADDED ENTRY--TOPICAL TERM
Topical term or geographic name as entry element Hindi literature
9 (RLIN) 52606
650 ## - SUBJECT ADDED ENTRY--TOPICAL TERM
Topical term or geographic name as entry element Hindi literature -- Drama
9 (RLIN) 52607
942 ## - ADDED ENTRY ELEMENTS (KOHA)
Source of classification or shelving scheme Dewey Decimal Classification
Koha item type Hindi Books
Classification part 822
Call number suffix सहजा
Holdings
Withdrawn status Lost status Damaged status Not for loan Home library Current library Date acquired Source of acquisition Cost, normal purchase price Total Checkouts Full call number Barcode Date last seen Copy number Cost, replacement price Price effective from Koha item type
        Central Library Central Library 12/08/2015 Cen Lib/Ret 30.00   822 सहजा A-514137 12/08/2015 1 30.00 12/08/2015 Hindi Books

© Delhi Public Library
Hit Counter
free hit counter